| 000 | 00561nam a2200121Ia 4500 | ||
|---|---|---|---|
| 008 | 220615s9999||||xx |||||||||||||| ||und|| | ||
| 245 | 0 |
_aHuman and Organisational Factors _bPractices and Strategies for a Changing World |
|
| 546 | _aEnglish[eng] | ||
| 650 | _aEngineering||Engineering economics||Engineering economy||Industrial psychology||Economic sociology||Welfare economics | ||
| 700 | _aJourné, Benoît||Laroche, Hervé||Bieder, Corinne||Gilbert, Claude | ||
| 856 | _uhttps://library.oapen.org/bitstream/20.500.12657/23080/1/1007078.pdf | ||
| 942 | _cEB | ||
| 999 |
_c11772 _d11772 |
||